[Event "Iran Chess Championship Semi Final 2015 "]
[Site "Rasht , Iran"]
[Date "2015.12.14"]
[Round "3"]
[Board "9"]
[White "Galehdari, Bardia"]
[Black "Mousavi, Seyed Khalil"]
[Result "0-1"]
[WhiteElo "2141"]
[BlackElo "2434"]
[PlyCount "0"]
[EventDate "2015.12.13"]
[EventRounds "9"]
[EventCountry "IRI"]

1. e4 {[%clk 1:23:54]} e6 {[%clk 1:30:55]} 2. d4 {[%clk 1:23:38]} d5
{[%clk 1:31:23]} 3. Nd2 {[%clk 1:23:53]} c5 {[%clk 1:31:43]} 4. Ngf3
{[%clk 1:23:06]} Nc6 {[%clk 1:32:11]} 5. exd5 {[%clk 1:22:40]} exd5
{[%clk 1:32:39]} 6. dxc5 {[%clk 1:22:29]} Bxc5 {[%clk 1:33:06]} 7. Nb3
{[%clk 1:22:24]} Bd6 {[%clk 1:33:23]} 8. c3 {[%clk 1:22:36]} Nge7
{[%clk 1:33:48]} 9. Bd3 {[%clk 1:22:07]} O-O {[%clk 1:34:14]} 10. h3
{[%clk 1:22:24]} Re8 {[%clk 1:34:39]} 11. O-O {[%clk 1:22:01]} Bc7
{[%clk 1:33:43]} 12. Nbd4 {[%clk 1:22:02]} a6 {[%clk 1:32:17]} 13. Bg5
{[%clk 1:12:34]} Nxd4 {[%clk 1:25:55]} 14. Nxd4 {[%clk 1:10:58]} Qd6
{[%clk 1:25:16]} 15. Nf3 {[%clk 1:10:57]} Ng6 {[%clk 1:24:28]} 16. Qc2
{[%clk 1:09:41]} Bd7 {[%clk 1:17:23]} 17. Rfe1 {[%clk 1:02:00]} h6
{[%clk 1:14:10]} 18. Bxg6 {[%clk 1:01:20]} hxg5 {[%clk 1:12:46]} 19. Bxf7+
{[%clk 0:59:59]} Kxf7 {[%clk 1:11:50]} 20. Nxg5+ {[%clk 1:00:15]} Kf8
{[%clk 1:12:07]} 21. f4 {[%clk 0:56:01]} Rxe1+ {[%clk 1:07:56]} 22. Rxe1
{[%clk 0:56:28]} Qxf4 {[%clk 1:06:48]} 23. Nf3 {[%clk 0:52:36]} Re8
{[%clk 1:06:17]} 24. Rf1 {[%clk 0:52:49]} Bb5 {[%clk 1:05:35]} 25. Rd1
{[%clk 0:52:37]} Re2 {[%clk 1:04:20]} 26. Qg6 {[%clk 0:52:38]} Qg3
{[%clk 1:00:49]} 27. Qf5+ {[%clk 0:52:06]} Ke7 {[%clk 1:00:09]} 0-1

[Event "Iran Chess Championship Semi Final 2015 "]
[Site "Rasht , Iran"]
[Date "2015.12.14"]
[Round "3"]
[Board "10"]
[White "Gholami, Aryan"]
[Black "Rostami, Rouzbeh"]
[Result "0-1"]
[WhiteElo "2422"]
[BlackElo "2150"]
[PlyCount "0"]
[EventDate "2015.12.13"]
[EventRounds "9"]
[EventCountry "IRI"]

1. d4 {[%clk 1:30:34]} Nf6 {[%clk 1:30:48]} 2. Nf3 {[%clk 1:30:08]} c5
{[%clk 1:30:27]} 3. c3 {[%clk 1:28:05]} b6 {[%clk 1:30:09]} 4. g3
{[%clk 1:25:13]} Bb7 {[%clk 1:30:24]} 5. Bg2 {[%clk 1:25:41]} g6 {[%clk 1:29:37]}
6. O-O {[%clk 1:25:17]} Bg7 {[%clk 1:30:02]} 7. Nbd2 {[%clk 1:22:18]} O-O
{[%clk 1:30:12]} 8. Qc2 {[%clk 1:21:27]} d6 {[%clk 1:29:25]} 9. e4
{[%clk 1:20:47]} Nfd7 {[%clk 1:29:30]} 10. Re1 {[%clk 1:15:57]} cxd4
{[%clk 1:26:41]} 11. Nxd4 {[%clk 1:14:39]} Nc6 {[%clk 1:26:44]} 12. N2f3
{[%clk 1:14:13]} Rc8 {[%clk 1:25:21]} 13. Be3 {[%clk 1:13:30]} Qc7
{[%clk 1:19:40]} 14. Rad1 {[%clk 1:12:55]} Nxd4 {[%clk 1:12:58]} 15. Nxd4
{[%clk 1:12:28]} a6 {[%clk 1:13:17]} 16. a4 {[%clk 1:07:22]} Ne5 {[%clk 1:09:37]}
17. h3 {[%clk 1:00:09]} Nc4 {[%clk 1:01:12]} 18. Bc1 {[%clk 0:58:13]} Rfd8
{[%clk 1:00:16]} 19. h4 {[%clk 0:50:59]} e5 {[%clk 0:55:37]} 20. Ne2
{[%clk 0:51:13]} b5 {[%clk 0:54:24]} 21. axb5 {[%clk 0:50:21]} axb5
{[%clk 0:54:52]} 22. b3 {[%clk 0:50:36]} Nb6 {[%clk 0:55:12]} 23. Bg5
{[%clk 0:50:51]} f6 {[%clk 0:52:10]} 24. Be3 {[%clk 0:50:12]} Ra8
{[%clk 0:51:49]} 25. Nc1 {[%clk 0:46:04]} Bf8 {[%clk 0:40:59]} 26. Na2
{[%clk 0:42:51]} d5 {[%clk 0:35:38]} 27. Bxb6 {[%clk 0:42:23]} Qxb6
{[%clk 0:36:06]} 28. exd5 {[%clk 0:42:36]} Bd6 {[%clk 0:36:23]} 29. Nb4
{[%clk 0:37:59]} f5 {[%clk 0:36:40]} 30. g4 {[%clk 0:21:35]} fxg4
{[%clk 0:34:15]} 31. Rd3 {[%clk 0:16:29]} Rf8 {[%clk 0:32:22]} 32. Rg3
{[%clk 0:15:06]} e4 {[%clk 0:31:40]} 33. Rge3 {[%clk 0:13:46]} g3
{[%clk 0:30:53]} 34. fxg3 {[%clk 0:10:52]} Bxg3 {[%clk 0:29:17]} 35. Kh1
{[%clk 0:09:30]} Bxe1 {[%clk 0:27:55]} 36. Rxe1 {[%clk 0:09:54]} e3
{[%clk 0:25:53]} 37. Qd3 {[%clk 0:08:12]} Rae8 {[%clk 0:19:16]} 38. Nc6
{[%clk 0:07:25]} Rf4 {[%clk 0:18:43]} 39. Nd4 {[%clk 0:07:23]} Qf6
{[%clk 0:15:04]} 40. Rxe3 {[%clk 0:06:51]} Qxh4+ {[%clk 0:15:20]} 41. Rh3
{[%clk 0:07:13]} Qe1+ {[%clk 0:15:43]} 42. Kh2 {[%clk 0:07:41]} Rg4
{[%clk 0:11:45]} 43. Qf3 {[%clk 0:02:41]} Qe5+ {[%clk 0:11:45]} 44. Kg1
{[%clk 0:02:57]} Qg5 {[%clk 0:09:47]} 45. Kh2 {[%clk 0:02:32]} Re1
{[%clk 0:09:45]} 46. Nc6 {[%clk 0:01:54]} Bxc6 {[%clk 0:07:52]} 47. dxc6
{[%clk 0:02:22]} Qe5+ {[%clk 0:08:14]} 48. Rg3 {[%clk 0:02:40]} Rh4+
{[%clk 0:08:38]} 49. Bh3 {[%clk 0:02:53]} Re2+ {[%clk 0:09:01]} 50. Kg1
{[%clk 0:01:20]} Qc5+ {[%clk 0:08:16]} 51. Kh1 {[%clk 0:01:17]} Rxh3+
{[%clk 0:08:34]} 52. Rxh3 {[%clk 0:00:56]} Re1+ {[%clk 0:08:57]} 0-1

[Event "Iran Chess Championship Semi Final 2015 "]
[Site "Rasht , Iran"]
[Date "2015.12.14"]
[Round "3"]
[Board "11"]
[White "Javani, Shahin"]
[Black "Ghaziolsharif, Kaveh"]
[Result "0-1"]
[WhiteElo "2076"]
[BlackElo "2260"]
[PlyCount "0"]
[EventDate "2015.12.13"]
[EventRounds "9"]
[EventCountry "IRI"]

1. d4 {[%clk 1:28:06]} Nf6 {[%clk 1:30:50]} 2. c4 {[%clk 1:28:01]} g6
{[%clk 1:31:11]} 3. Nc3 {[%clk 1:27:42]} Bg7 {[%clk 1:31:29]} 4. e4
{[%clk 1:26:02]} d6 {[%clk 1:31:51]} 5. Be2 {[%clk 1:23:42]} O-O {[%clk 1:32:12]}
6. Nf3 {[%clk 1:24:10]} e5 {[%clk 1:32:32]} 7. O-O {[%clk 1:24:33]} Nc6
{[%clk 1:32:56]} 8. d5 {[%clk 1:24:32]} Ne7 {[%clk 1:32:20]} 9. b4
{[%clk 1:24:18]} Nh5 {[%clk 1:31:57]} 10. Re1 {[%clk 1:24:32]} f5
{[%clk 1:32:12]} 11. Ng5 {[%clk 1:24:34]} Nf6 {[%clk 1:32:35]} 12. Bf3
{[%clk 1:24:56]} a5 {[%clk 1:25:21]} 13. Ba3 {[%clk 1:24:54]} axb4
{[%clk 1:23:03]} 14. Bxb4 {[%clk 1:24:30]} h6 {[%clk 1:23:00]} 15. Ne6
{[%clk 1:24:40]} Bxe6 {[%clk 1:23:11]} 16. dxe6 {[%clk 1:24:36]} c5
{[%clk 1:23:26]} 17. Nb5 {[%clk 1:23:29]} fxe4 {[%clk 1:20:46]} 18. Nxd6
{[%clk 1:23:35]} cxb4 {[%clk 1:19:27]} 19. Nxe4 {[%clk 1:23:43]} Nxe4
{[%clk 1:16:58]} 20. Bxe4 {[%clk 1:24:06]} Qb6 {[%clk 1:10:39]} 21. Qd7
{[%clk 1:24:34]} Qxf2+ {[%clk 1:10:39]} 22. Kh1 {[%clk 1:25:02]} Rxa2
{[%clk 1:01:36]} 23. Qxe7 {[%clk 1:24:25]} Rxa1 {[%clk 1:01:55]} 24. Qf7+
{[%clk 1:24:15]} Rxf7 {[%clk 1:01:59]} 25. exf7+ {[%clk 1:24:42]} Qxf7
{[%clk 1:02:04]} 0-1

[Event "Iran Chess Championship Semi Final 2015 "]
[Site "Rasht , Iran"]
[Date "2015.12.14"]
[Round "3"]
[Board "12"]
[White "Omidi, Arya"]
[Black "Tamaddon, Ehsan"]
[Result "1-0"]
[WhiteElo "2236"]
[BlackElo "1931"]
[PlyCount "0"]
[EventDate "2015.12.13"]
[EventRounds "9"]
[EventCountry "IRI"]

1. e4 c5 2. Nf3 d6 3. Bb5+ Bd7 4. Bxd7+ Nxd7 5. O-O Ngf6 6. Qe2 e5 7. c3 Be7 8.
d4 cxd4 9. cxd4 O-O 10. Nc3 Re8 11. Rd1 Qa5 12. dxe5 Nxe5 13. Nd4 Bf8 14. Nb3 Qa6
15. Qxa6 bxa6 16. Bg5 Nfd7 17. f3 Nc4 18. Nd5 Rac8 19. Rab1 Ndb6 20. Nxb6 axb6
21. Nd2 Ne5 22. Be3 Rc2 23. Nf1 Rec8 24. Bxb6 Nc4 25. Bd4 g6 26. Rbc1 Ne5 27.
Rxc2 Rxc2 28. Ne3 Rc6 29. Bc3 Bh6 30. Nd5 Kf8 31. Kf2 Nc4 32. Kg3 Ne3 33. Nxe3
Bxe3 34. f4 Bb6 35. Rxd6 Rxd6 36. Bb4 Ke7 37. e5 Bc7 38. Kf3 f6 39. exd6+ Bxd6
40. Bxd6+ Kxd6 41. Ke4 Kc5 42. Kd3 f5 43. Kc3 h6 44. b4+ Kd5 45. Kd3 g5 46. g3 g4
47. a3 1-0

[Event "Iran Chess Championship Semi Final 2015 "]
[Site "Rasht , Iran"]
[Date "2015.12.15"]
[Round "4"]
[Board "1"]
[White "Tabatabaei, M.Amin"]
[Black "Maghsoodloo, Parham"]
[Result "1-0"]
[WhiteElo "2482"]
[BlackElo "2443"]
[PlyCount "0"]
[EventDate "2015.12.13"]
[EventRounds "9"]
[EventCountry "IRI"]

1. d4 {[%clk 1:30:57]} Nf6 {[%clk 1:27:05]} 2. c4 {[%clk 1:31:18]} g6
{[%clk 1:26:29]} 3. f3 {[%clk 1:31:39]} c5 {[%clk 1:26:14]} 4. d5
{[%clk 1:31:56]} Bg7 {[%clk 1:26:38]} 5. e4 {[%clk 1:32:18]} d6 {[%clk 1:27:06]}
6. Ne2 {[%clk 1:32:37]} Na6 {[%clk 1:26:29]} 7. Nec3 {[%clk 1:32:46]} O-O
{[%clk 1:26:01]} 8. Bg5 {[%clk 1:33:02]} Nc7 {[%clk 1:25:51]} 9. Be2
{[%clk 1:31:47]} a6 {[%clk 1:21:32]} 10. a4 {[%clk 1:31:59]} e6 {[%clk 1:19:07]}
11. O-O {[%clk 1:31:28]} h6 {[%clk 1:16:50]} 12. Be3 {[%clk 1:30:35]} exd5
{[%clk 1:13:15]} 13. cxd5 {[%clk 1:30:43]} Rb8 {[%clk 1:13:10]} 14. Na3
{[%clk 1:29:56]} Qe7 {[%clk 1:09:49]} 15. Qd2 {[%clk 1:25:09]} Kh7
{[%clk 1:04:42]} 16. Rab1 {[%clk 1:20:26]} b5 {[%clk 1:02:06]} 17. axb5
{[%clk 1:20:26]} axb5 18. Ncxb5 {[%clk 1:13:23]} Na6 {[%clk 0:56:41]} 19. Rfe1
{[%clk 1:02:13]} Ne8 {[%clk 0:54:15]} 20. Bf1 {[%clk 0:57:44]} Nb4
{[%clk 0:45:46]} 21. e5 {[%clk 0:51:19]} dxe5 {[%clk 0:37:52]} 22. d6
{[%clk 0:51:05]} Qd7 {[%clk 0:38:01]} 23. Bxc5 {[%clk 0:50:34]} Nc6
{[%clk 0:38:26]} 24. Rbd1 {[%clk 0:43:38]} f5 {[%clk 0:35:44]} 25. b4
{[%clk 0:39:12]} Nf6 {[%clk 0:35:29]} 26. Nc7 {[%clk 0:37:59]} e4
{[%clk 0:33:15]} 27. b5 {[%clk 0:32:35]} Ne5 {[%clk 0:30:21]} 28. f4
{[%clk 0:32:05]} Neg4 {[%clk 0:27:22]} 29. Qc2 {[%clk 0:24:13]} g5
{[%clk 0:25:33]} 30. h3 {[%clk 0:20:07]} gxf4 {[%clk 0:22:59]} 31. hxg4
{[%clk 0:20:36]} Nxg4 {[%clk 0:23:28]} 32. Qc1 {[%clk 0:16:30]} Qf7
{[%clk 0:21:33]} 33. Be2 {[%clk 0:12:35]} Qg6 {[%clk 0:17:47]} 34. Bxg4
{[%clk 0:10:40]} Qxg4 {[%clk 0:18:10]} 35. d7 {[%clk 0:09:07]} f3
{[%clk 0:18:36]} 36. Qc2 {[%clk 0:09:26]} Bb7 {[%clk 0:03:37]} 37. Bxf8
{[%clk 0:08:45]} e3 {[%clk 0:01:16]} 38. Rxe3 {[%clk 0:07:45]} Bxf8
{[%clk 0:00:43]} 39. d8=Q {[%clk 0:02:48]} Rxd8 {[%clk 0:01:07]} 40. Rxd8
{[%clk 0:03:15]} Bc5 {[%clk 0:01:31]} 41. Nd5 {[%clk 0:02:26]} Bxd5
{[%clk 0:00:34]} 42. Rxd5 {[%clk 0:02:23]} Bxe3+ {[%clk 0:00:34]} 43. Kf1
{[%clk 0:02:52]} Kg6 {[%clk 0:00:39]} 44. Nc4 {[%clk 0:02:21]} Bf4
{[%clk 0:00:42]} 45. Ne5+ {[%clk 0:01:55]} Bxe5 {[%clk 0:00:58]} 46. Rxe5
{[%clk 0:02:11]} Kf6 {[%clk 0:00:49]} 47. Qxf5+ {[%clk 0:02:34]} 1-0

[Event "Iran Chess Championship Semi Final 2015 "]
[Site "Rasht , Iran"]
[Date "2015.12.15"]
[Round "4"]
[Board "2"]
[White "Javanbakht, Nima"]
[Black "Khatibi, Meysam"]
[Result "1-0"]
[WhiteElo "2410"]
[BlackElo "2172"]
[PlyCount "0"]
[EventDate "2015.12.13"]
[EventRounds "9"]
[EventCountry "IRI"]

1. d4 Nf6 {[%clk 1:30:04]} 2. c4 {[%clk 1:30:59]} e6 {[%clk 1:30:14]} 3. Nf3
{[%clk 1:31:12]} b6 {[%clk 1:30:01]} 4. g3 {[%clk 1:31:26]} Bb7 {[%clk 1:29:25]}
5. Bg2 {[%clk 1:31:40]} c5 {[%clk 1:28:17]} 6. d5 {[%clk 1:31:42]} exd5
{[%clk 1:28:24]} 7. cxd5 {[%clk 1:32:06]} d6 {[%clk 1:10:34]} 8. Nc3
{[%clk 1:31:35]} b5 {[%clk 0:54:37]} 9. Nxb5 {[%clk 1:29:04]} Qa5+
{[%clk 0:54:15]} 10. Nc3 {[%clk 1:29:25]} Nbd7 {[%clk 0:42:40]} 11. O-O
{[%clk 1:28:33]} Be7 {[%clk 0:42:38]} 12. e4 {[%clk 1:18:44]} O-O
{[%clk 0:41:30]} 13. Re1 {[%clk 1:16:49]} Rab8 {[%clk 0:22:04]} 14. Nh4
{[%clk 1:11:08]} Rfe8 {[%clk 0:19:12]} 15. f4 {[%clk 1:07:29]} Nb6
{[%clk 0:18:54]} 16. Nf5 {[%clk 1:01:58]} Bf8 {[%clk 0:18:24]} 17. Ne3
{[%clk 1:01:03]} Nfd7 {[%clk 0:15:40]} 18. Bd2 {[%clk 0:57:30]} c4
{[%clk 0:08:29]} 19. a4 {[%clk 0:56:53]} Qc5 {[%clk 0:05:20]} 20. a5
{[%clk 0:55:01]} Na8 {[%clk 0:05:26]} 21. Qa4 {[%clk 0:52:35]} Bc8
{[%clk 0:05:37]} 22. Rab1 {[%clk 0:48:49]} g6 {[%clk 0:01:52]} 23. Kh1
{[%clk 0:45:25]} Nf6 {[%clk 0:02:06]} 24. Qxc4 {[%clk 0:42:36]} Qxa5
{[%clk 0:02:13]} 25. e5 {[%clk 0:42:56]} Ba6 {[%clk 0:01:37]} 26. b4
{[%clk 0:40:04]} Qb6 {[%clk 0:00:39]} 27. b5 {[%clk 0:40:23]} Rbc8
{[%clk 0:00:46]} 28. Qd3 {[%clk 0:40:17]} dxe5 {[%clk 0:00:36]} 29. fxe5
{[%clk 0:40:33]} Rxe5 {[%clk 0:00:34]} 30. bxa6 {[%clk 0:40:48]} Qd8
{[%clk 0:00:34]} 31. Ne4 {[%clk 0:39:21]} Nh5 {[%clk 0:00:37]} 32. Ng4
{[%clk 0:39:12]} Rf5 {[%clk 0:00:35]} 33. Ne3 {[%clk 0:37:52]} Re5
{[%clk 0:01:00]} 34. Bc3 {[%clk 0:38:16]} Re8 {[%clk 0:00:50]} 35. Ng4
{[%clk 0:37:32]} 1-0

[Event "Iran Chess Championship Semi Final 2015 "]
[Site "Rasht , Iran"]
[Date "2015.12.15"]
[Round "4"]
[Board "3"]
[White "Firouzja, Alireza"]
[Black "Asgharzadeh, M.Reza"]
[Result "1-0"]
[WhiteElo "2372"]
[BlackElo "2278"]
[PlyCount "0"]
[EventDate "2015.12.13"]
[EventRounds "9"]
[EventCountry "IRI"]

1. e4 {[%clk 1:30:51]} e5 {[%clk 1:27:22]} 2. Nf3 {[%clk 1:31:13]} Nc6
{[%clk 1:27:49]} 3. Bb5 {[%clk 1:31:36]} a6 {[%clk 1:28:10]} 4. Ba4
{[%clk 1:32:01]} Nf6 {[%clk 1:28:32]} 5. O-O {[%clk 1:32:20]} Be7
{[%clk 1:25:17]} 6. Re1 {[%clk 1:29:49]} b5 {[%clk 1:25:41]} 7. Bb3
{[%clk 1:30:14]} d6 {[%clk 1:26:07]} 8. c3 {[%clk 1:30:36]} O-O {[%clk 1:26:27]}
9. h3 {[%clk 1:30:45]} Nb8 {[%clk 1:25:38]} 10. d4 {[%clk 1:31:08]} Nbd7
{[%clk 1:26:01]} 11. Nbd2 {[%clk 1:31:30]} Bb7 {[%clk 1:26:25]} 12. Bc2
{[%clk 1:31:12]} Re8 {[%clk 1:26:43]} 13. a4 {[%clk 1:31:24]} Bf8 14. Bd3 c6
{[%clk 1:11:49]} 15. Qc2 {[%clk 1:31:32]} Qc7 {[%clk 1:04:52]} 16. b4
{[%clk 1:23:15]} Rac8 {[%clk 0:52:25]} 17. Bb2 {[%clk 1:11:14]} Nb6
{[%clk 0:50:22]} 18. axb5 {[%clk 1:10:45]} cxb5 {[%clk 0:46:04]} 19. d5
{[%clk 1:01:22]} Nh5 {[%clk 0:42:13]} 20. Bf1 {[%clk 0:58:17]} g6
{[%clk 0:33:35]} 21. Nh2 Na4 22. Rxa4 {[%clk 0:52:33]} bxa4 {[%clk 0:33:56]} 23.
Qxa4 {[%clk 0:51:53]} f5 {[%clk 0:31:46]} 24. c4 {[%clk 0:51:53]} Bh6
{[%clk 0:31:46]} 25. Nb3 {[%clk 0:49:19]} Rf8 {[%clk 0:27:26]} 26. c5
{[%clk 0:48:12]} Bf4 {[%clk 0:18:08]} 27. c6 {[%clk 0:46:29]} Bxh2+
{[%clk 0:18:17]} 28. Kxh2 {[%clk 0:46:53]} fxe4 {[%clk 0:18:36]} 29. cxb7
{[%clk 0:46:07]} Qxb7 {[%clk 0:19:00]} 30. Qxa6 {[%clk 0:41:18]} Qxb4
{[%clk 0:18:42]} 31. Re3 {[%clk 0:41:41]} Ra8 {[%clk 0:17:49]} 32. Qc6
{[%clk 0:36:04]} Rac8 {[%clk 0:18:10]} 33. Qd7 {[%clk 0:33:22]} Nf4
{[%clk 0:18:18]} 34. Qa7 {[%clk 0:16:34]} Ra8 {[%clk 0:12:55]} 35. Qd7
{[%clk 0:11:33]} Rad8 {[%clk 0:12:26]} 36. Qg4 {[%clk 0:09:53]} Rc8
{[%clk 0:07:06]} 37. Qd1 {[%clk 0:03:52]} Nd3 {[%clk 0:04:22]} 38. Bxd3
{[%clk 0:04:09]} exd3 {[%clk 0:04:51]} 39. Rxd3 {[%clk 0:04:16]} Rxf2
{[%clk 0:05:17]} 40. Bc1 {[%clk 0:04:02]} Qe4 {[%clk 0:03:28]} 41. Rg3
{[%clk 0:03:56]} Rcc2 {[%clk 0:03:50]} 42. Qg4 {[%clk 0:03:30]} Qxd5
{[%clk 0:03:11]} 43. Be3 {[%clk 0:02:53]} Rf1 {[%clk 0:02:16]} 44. Qd7
{[%clk 0:02:29]} Rf7 {[%clk 0:01:39]} 45. Qd8+ {[%clk 0:02:06]} Kg7
{[%clk 0:01:16]} 46. Qh4 {[%clk 0:02:17]} Qa8 {[%clk 0:00:48]} 47. Qh6+
{[%clk 0:01:46]} Kf6 {[%clk 0:00:38]} 48. Nd2 {[%clk 0:01:46]} Ke7
{[%clk 0:00:41]} 49. Qh4+ {[%clk 0:02:11]} Kd7 {[%clk 0:01:04]} 50. Nc4
{[%clk 0:01:40]} Qc6 {[%clk 0:00:51]} 51. Qg4+ {[%clk 0:01:25]} Rf5
{[%clk 0:00:53]} 52. Nd2 {[%clk 0:01:37]} Rc3 {[%clk 0:00:37]} 53. Qh4
{[%clk 0:00:54]} Rf7 {[%clk 0:00:40]} 54. Qg4+ {[%clk 0:01:08]} Rf5
{[%clk 0:01:05]} 55. Qh4 {[%clk 0:00:36]} Rf7 {[%clk 0:01:33]} 56. Ne4
{[%clk 0:00:34]} Rc4 {[%clk 0:01:32]} 57. Rg4 {[%clk 0:01:01]} d5
{[%clk 0:01:12]} 58. Ng5 {[%clk 0:00:56]} Re7 {[%clk 0:01:41]} 59. Nxh7
{[%clk 0:01:08]} Rxg4 {[%clk 0:01:34]} 60. Nf6+ {[%clk 0:01:34]} Kc8
{[%clk 0:00:36]} 61. Qxg4+ {[%clk 0:01:17]} Kc7 {[%clk 0:00:33]} 62. Qf3
{[%clk 0:00:49]} d4 {[%clk 0:00:31]} 63. Nd5+ {[%clk 0:00:50]} Kd7
{[%clk 0:01:00]} 64. Nxe7 {[%clk 0:00:44]} Qxf3 {[%clk 0:00:51]} 65. gxf3
{[%clk 0:01:08]} dxe3 {[%clk 0:01:06]} 66. Nxg6 {[%clk 0:01:46]} Ke6
{[%clk 0:00:38]} 67. Kg2 {[%clk 0:01:28]} Kf6 {[%clk 0:00:23]} 68. Nxe5
{[%clk 0:01:28]} 1-0

[Event "Iran Chess Championship Semi Final 2015 "]
[Site "Rasht , Iran"]
[Date "2015.12.15"]
[Round "4"]
[Board "4"]
[White "Sedaghati, Mehrdad"]
[Black "Mousavi, Seyed Khalil"]
[Result "0-1"]
[WhiteElo "2325"]
[BlackElo "2434"]
[PlyCount "0"]
[EventDate "2015.12.13"]
[EventRounds "9"]
[EventCountry "IRI"]

1. e4 {[%clk 1:30:17]} e6 {[%clk 1:28:08]} 2. d4 {[%clk 1:30:34]} d5
{[%clk 1:28:06]} 3. Nd2 {[%clk 1:30:58]} c5 {[%clk 1:28:04]} 4. exd5
{[%clk 1:30:19]} exd5 {[%clk 1:28:27]} 5. Ngf3 {[%clk 1:30:29]} Nc6
{[%clk 1:28:50]} 6. Bb5 {[%clk 1:30:26]} Bd6 {[%clk 1:29:12]} 7. O-O
{[%clk 1:30:40]} Nge7 {[%clk 1:29:24]} 8. dxc5 {[%clk 1:30:36]} Bxc5
{[%clk 1:29:53]} 9. Nb3 {[%clk 1:30:58]} Bd6 {[%clk 1:29:12]} 10. c3
{[%clk 1:30:36]} O-O {[%clk 1:29:32]} 11. Bd3 {[%clk 1:30:52]} Re8
{[%clk 1:29:34]} 12. Re1 {[%clk 1:22:29]} a6 {[%clk 1:28:14]} 13. Be3
{[%clk 1:13:29]} Ng6 {[%clk 1:15:33]} 14. Bc2 {[%clk 1:10:15]} Bc7
{[%clk 0:58:37]} 15. h3 {[%clk 1:00:01]} Nce5 {[%clk 0:48:33]} 16. Nxe5
{[%clk 0:58:17]} Rxe5 {[%clk 0:43:57]} 17. Nd4 {[%clk 0:51:47]} Qd6
{[%clk 0:37:50]} 18. Nf3 {[%clk 0:44:38]} Rh5 {[%clk 0:32:03]} 19. Kf1
{[%clk 0:44:13]} Bd7 {[%clk 0:30:14]} 20. Nd4 {[%clk 0:41:25]} Rxh3
{[%clk 0:25:44]} 21. gxh3 Bxh3+ {[%clk 0:25:49]} 22. Ke2 {[%clk 0:41:02]} Bg4+
{[%clk 0:26:15]} 23. f3 {[%clk 0:34:19]} Qh2+ {[%clk 0:26:07]} 24. Bf2
{[%clk 0:34:26]} Re8+ {[%clk 0:24:44]} 25. Kd2 {[%clk 0:33:59]} Qxf2+
{[%clk 0:24:34]} 26. Re2 {[%clk 0:34:02]} Bf4+ {[%clk 0:24:49]} 27. Kd3
{[%clk 0:34:22]} Re3+ {[%clk 0:25:08]} 0-1

[Event "Iran Chess Championship Semi Final 2015 "]
[Site "Rasht , Iran"]
[Date "2015.12.15"]
[Round "4"]
[Board "5"]
[White "Ghaziolsharif, Kaveh"]
[Black "Mahjoob Zardast, Morteza"]
[Result "1/2-1/2"]
[WhiteElo "2260"]
[BlackElo "2381"]
[PlyCount "0"]
[EventDate "2015.12.13"]
[EventRounds "9"]
[EventCountry "IRI"]

1. Nf3 {[%clk 1:30:16]} c5 {[%clk 1:29:09]} 2. g3 {[%clk 1:30:36]} Nc6
{[%clk 1:29:25]} 3. Bg2 {[%clk 1:30:40]} g6 {[%clk 1:29:47]} 4. O-O
{[%clk 1:27:58]} Bg7 {[%clk 1:30:09]} 5. d3 {[%clk 1:21:52]} Nf6 {[%clk 1:19:30]}
6. e4 {[%clk 1:14:53]} d5 {[%clk 1:18:08]} 7. Nbd2 {[%clk 1:15:14]} O-O
{[%clk 1:17:59]} 8. Re1 {[%clk 1:15:34]} h6 {[%clk 1:03:27]} 9. c3
{[%clk 1:03:30]} e5 {[%clk 1:03:40]} 10. Qb3 {[%clk 0:51:40]} d4 {[%clk 0:59:39]}
11. Nc4 {[%clk 0:42:26]} Ne8 {[%clk 0:53:20]} 12. Qa3 {[%clk 0:19:34]} b6
{[%clk 0:37:55]} 13. cxd4 {[%clk 0:16:40]} cxd4 {[%clk 0:33:41]} 14. Bd2
{[%clk 0:15:09]} Bd7 {[%clk 0:23:59]} 15. Rec1 {[%clk 0:06:51]} Nc7
{[%clk 0:24:02]} 16. Qb3 {[%clk 0:06:55]} Ne6 {[%clk 0:17:46]} 17. a4
{[%clk 0:04:57]} Rb8 {[%clk 0:12:32]} 18. Qa3 {[%clk 0:03:37]} a5
{[%clk 0:05:23]} 19. b4 {[%clk 0:03:45]} axb4 {[%clk 0:05:02]} 20. Bxb4
{[%clk 0:04:02]} Nxb4 {[%clk 0:05:04]} 21. Qxb4 {[%clk 0:04:31]} b5
{[%clk 0:03:12]} 22. axb5 {[%clk 0:01:06]} Rxb5 {[%clk 0:03:37]} 23. Qd6
{[%clk 0:00:43]} Bc8 {[%clk 0:02:30]} 24. Ra8 {[%clk 0:00:51]} Rc5
{[%clk 0:02:33]} 25. Qxd8 {[%clk 0:00:36]} Rxd8 {[%clk 0:02:58]} 26. Bh3
{[%clk 0:00:43]} Rf8 {[%clk 0:01:51]} 27. Rb1 {[%clk 0:00:41]} Ng5
{[%clk 0:00:41]} 28. Nxg5 {[%clk 0:00:38]} hxg5 {[%clk 0:01:10]} 29. Rxc8
{[%clk 0:00:33]} Rfxc8 {[%clk 0:01:33]} 30. Bxc8 {[%clk 0:00:59]} Rxc8
{[%clk 0:02:00]} 31. Rb7 {[%clk 0:00:36]} g4 {[%clk 0:01:43]} 32. Re7
{[%clk 0:00:33]} f6 {[%clk 0:00:39]} 33. Rb7 {[%clk 0:00:36]} Bf8
{[%clk 0:00:43]} 34. Kg2 {[%clk 0:00:49]} Rc5 {[%clk 0:00:46]} 35. Rb8
{[%clk 0:00:34]} Kf7 {[%clk 0:00:57]} 36. Rb7+ {[%clk 0:00:41]} Be7
{[%clk 0:01:04]} 37. h3 {[%clk 0:01:05]} gxh3+ {[%clk 0:01:12]} 38. Kxh3
{[%clk 0:01:34]} f5 {[%clk 0:00:52]} 39. exf5 {[%clk 0:01:43]} gxf5
{[%clk 0:01:15]} 40. g4 {[%clk 0:00:37]} e4 {[%clk 0:00:34]} 41. Nd6+
{[%clk 0:00:34]} Kf6 {[%clk 0:00:43]} 42. Ne8+ {[%clk 0:00:35]} Kf7
{[%clk 0:00:45]} 1/2-1/2

[Event "Iran Chess Championship Semi Final 2015 "]
[Site "Rasht , Iran"]
[Date "2015.12.15"]
[Round "4"]
[Board "6"]
[White "Noroozi, Omid"]
[Black "Omidi, Arya"]
[Result "1-0"]
[WhiteElo "2380"]
[BlackElo "2236"]
[PlyCount "0"]
[EventDate "2015.12.13"]
[EventRounds "9"]
[EventCountry "IRI"]

1. c4 {[%clk 1:26:54]} Nf6 {[%clk 1:30:48]} 2. Nc3 {[%clk 1:27:16]} d5
{[%clk 1:31:12]} 3. cxd5 {[%clk 1:27:40]} Nxd5 {[%clk 1:31:40]} 4. Nf3
{[%clk 1:28:00]} Nxc3 {[%clk 1:31:40]} 5. bxc3 {[%clk 1:28:24]} g6
{[%clk 1:32:04]} 6. h4 {[%clk 1:28:49]} Bg7 {[%clk 1:32:29]} 7. h5
{[%clk 1:29:14]} c5 {[%clk 1:32:33]} 8. Qa4+ {[%clk 1:26:04]} Qd7
{[%clk 1:29:58]} 9. Qc4 {[%clk 0:56:53]} Nc6 {[%clk 1:08:04]} 10. Qxc5
{[%clk 0:55:02]} b6 {[%clk 1:08:20]} 11. Qb5 {[%clk 0:52:10]} Bb7
{[%clk 1:08:02]} 12. d4 {[%clk 0:51:20]} O-O-O {[%clk 1:06:13]} 13. h6
{[%clk 0:48:50]} Bf6 {[%clk 1:05:45]} 14. e4 {[%clk 0:42:52]} Qc7
{[%clk 0:59:18]} 15. Bd2 {[%clk 0:42:13]} e5 {[%clk 0:55:06]} 16. d5
{[%clk 0:41:06]} Na5 {[%clk 0:54:31]} 17. Bd3 {[%clk 0:34:49]} Bxd5
{[%clk 0:53:48]} 18. exd5 {[%clk 0:35:02]} e4 {[%clk 0:54:08]} 19. Bxe4
{[%clk 0:27:37]} Rhe8 {[%clk 0:54:29]} 20. O-O {[%clk 0:26:46]} Rxe4
{[%clk 0:54:57]} 21. Rae1 {[%clk 0:25:07]} Rc4 {[%clk 0:50:23]} 22. Re8
{[%clk 0:22:26]} Nb7 {[%clk 0:46:59]} 23. Rxd8+ {[%clk 0:19:10]} Kxd8
{[%clk 0:46:56]} 24. Re1 {[%clk 0:13:37]} Nd6 {[%clk 0:47:09]} 25. Qa6
{[%clk 0:13:55]} Qd7 {[%clk 0:39:38]} 26. Bg5 {[%clk 0:05:29]} Bxg5
{[%clk 0:34:57]} 27. Nxg5 {[%clk 0:05:58]} Rh4 {[%clk 0:34:25]} 28. Qa3
{[%clk 0:04:36]} Kc8 {[%clk 0:33:49]} 29. Nxh7 {[%clk 0:03:49]} Rxh6
{[%clk 0:34:17]} 30. Nf6 {[%clk 0:03:02]} Qc7 {[%clk 0:31:26]} 31. Ne8
{[%clk 0:03:02]} Nc4 {[%clk 0:29:20]} 32. Qa6+ {[%clk 0:03:26]} 1-0